Innovative approaches to funding the Millennium Development Goals

Gespeichert in:
Bibliographische Detailangaben
1. Verfasser: Reisen, Helmut
Körperschaft: OECD. Development Centre
Format: Buch
Sprache:Englisch
Veröffentlicht: Paris OECD 2004
Schriftenreihe:Policy brief No. 24
Schlagworte:
Tags: Tag hinzufügen
Keine Tags, Fügen Sie das erste Tag hinzu!

MARC

LEADER 00000nam a2200000 4500
001 0024452
005 20221129084856.6
041 0 |a eng 
044 |a FR 
245 1 0 |a Innovative approaches to funding the Millennium Development Goals  |c by Helmut Reisen 
264 1 |a Paris  |b OECD  |c 2004 
300 |a 37 s. 
490 1 |a Policy brief  |v No. 24 
830 0 |a Policy brief  |v No. 24 
610 2 0 |a financovanie 
610 2 0 |a rozvoj hospodársky 
610 2 0 |a spolupráca hospodárska medzinárodná 
610 2 0 |a spolupráca medzinárodná 
610 2 0 |a pomoc rozvojová 
610 2 0 |a pomoc finančná 
610 2 0 |a pomoc hospodárska 
610 2 0 |a OECD 
610 2 0 |a MDGs 
100 1 |a Reisen, Helmut 
710 2 |a OECD. Development Centre